[Event "Wch U20 51st"]
[Site "Athens"]
[Date "2012.08.08"]
[Round "7"]
[White "Shyam, Nikil P"]
[Black "Wageih, Kareim"]
[Result "1-0"]
[WhiteElo "2484"]
[BlackElo "2332"]
[PlyCount "123"]
[EventDate "2012.08.02"]
[EventType "swiss"]
[EventRounds "13"]
[EventCountry "GRE"]
[SourceTitle "CBM 149 Extra"]
[Source "ChessBase"]
[SourceDate "2012.08.24"]
[SourceVersion "1"]
[SourceVersionDate "2012.08.24"]
[SourceQuality "1"]

1. e4 c6 2. d4 d5 3. Nc3 dxe4 4. Nxe4 Nd7 5. Nf3 Ngf6 6. Nxf6+ Nxf6 7. Bc4 Bf5 8. Ne5 e6 9. g4 Bg6 10. h4 Nd7 11. Nxg6 hxg6 12. g5 Nb6 13. Bb3 a5 14. a4 Be7 15. Qg4 Nd5 16. Bd2 Qb6 17. 0-0-0 Rh5 18. Kb1 Bb4 19. Bc1 Ne7 20. Ka2 Rd8 21. c3 Bd6 22. Rde1 Qa6 23. Bxe6 fxe6 24. Qxe6 Rh8 25. Bf4 c5 26. Qxg6+ Kf8 27. Qe6 Qc6 28. Rh3 Qd5+ 29. Qxd5 Nxd5 30. Bxd6+ Rxd6 31. dxc5 Rd7 32. Rf3+ Rf7 33. Rd3 Rf5 34. Red1 Nc7 35. Rd8+ Ne8 36. Re1 Kf7 37. g6+ Kxg6 38. Rdxe8 Rxh4 39. R8e6+ Kh7 40. Kb3 Rxc5 41. R1e5 Rxe5 42. Rxe5 Rf4 43. Rxa5 Rxf2 44. Rb5 Rf7 45. Rh5+ Kg6 46. Rh1 Rd7 47. Kc4 Kf5 48. Rh7 Kg6 49. Rh8 Kf5 50. a5 g5 51. Rg8 g4 52. Kc5 Kf4 53. Kb6 g3 54. b4 Kf3 55. b5 g2 56. c4 Kf2 57. c5 Rd5 58. c6 bxc6 59. Kxc6 Rd3 60. Rxg2+ Kxg2 61. a6 Ra3 62. Kb7 1-0